| 000 | 00980cam a22003137a 4500 | ||
|---|---|---|---|
| 003 | CHAP | ||
| 005 | 20220817041815.0 | ||
| 008 | 971013s1986 r 00010 d | ||
| 010 | _a25133 | ||
| 011 | _a26105 | ||
| 035 | _a30205 | ||
| 040 | _cCHAP | ||
| 090 | _aFolleto 10327 | ||
| 110 | _aInstituto Interamericano de Cooperación para la Agricultura | ||
| 245 | 1 | 2 | _aO IICA no Brasil |
| 260 |
_aBrasilia : _bO IICA, _c1986 |
||
| 300 | _a18 p | ||
| 490 | 0 |
_aPublicacoes misceláneas _v; A4/BR-86-003 |
|
| 590 |
_aBATCH-UPD _b10 _c20130110 _lUCH01 _h1930 |
||
| 590 |
_aBATCH-UPD _b10 _c20130410 _lUCH01 _h1255 |
||
| 590 |
_aBATCH-UPD _b10 _c20130914 _lUCH01 _h0503 |
||
| 590 |
_aCONVERSION _b10 _c20130109 _lUCH01 _h1315 |
||
| 650 | 1 | 4 |
_aAgricultura _xInvestigacion _xBrasil. _91593 |
| 650 | 1 | 4 |
_aAyuda técnica. _99035 |
| 830 | 0 |
_aPublicacoes misceláneas _v; A4/BR-86-003 _992789 |
|
| 901 | _aBK | ||
| 942 | _cFOLL | ||
| 949 |
_aFolleto 10327 _bBC _cFOLL _d-69768 _eTS1 _i30205 _mD _si |
||
| 999 |
_c25133 _d25133 |
||